| 000 -LEADER |
| fixed length control field |
00642cam a2200217 a 4500 |
| 020 ## - INTERNATIONAL STANDARD BOOK NUMBER |
| ISBN |
9789251067185 |
| 020 ## - INTERNATIONAL STANDARD BOOK NUMBER |
| ISBN |
925106718X |
| 040 ## - CATALOGING SOURCE |
| Transcribing agency |
DLC |
| 082 00 - DEWEY DECIMAL CLASSIFICATION NUMBER |
| Classification number |
338 FOO 2011 |
| 245 00 - TITLE STATEMENT |
| Title |
Biosafety resource book. |
| 260 ## - PUBLICATION, DISTRIBUTION, ETC. (IMPRINT) |
| Place of publication |
Rome : |
| Name of publisher |
Food and Agriculture Organization of the United Nations, |
| Year of publication |
2011. |
| 300 ## - PHYSICAL DESCRIPTION |
| Number of Pages |
5 v. : |
| Other physical details |
ill. ; |
| Dimensions |
25 cm. |
| 650 #0 - SUBJECT ADDED ENTRY--TOPICAL TERM |
| Topical Term |
Biotechnology |
| 650 #0 - SUBJECT ADDED ENTRY--TOPICAL TERM |
| Topical Term |
Biotechnology |
| 650 #0 - SUBJECT ADDED ENTRY--TOPICAL TERM |
| Topical Term |
Biotechnology industries |
| 700 1# - ADDED ENTRY--PERSONAL NAME |
| Personal name |
Brandenberg, Oliver. |
| 700 1# - ADDED ENTRY--PERSONAL NAME |
| Personal name |
Hodson de Jaramillo, Elizabeth. |
| 700 1# - ADDED ENTRY--PERSONAL NAME |
| Personal name |
Sensi, Alessandra. |
| 710 2# - ADDED ENTRY--CORPORATE NAME |
| Corporate name or jurisdiction name as entry element |
Food and Agriculture Organization of the United Nations. |
| 942 ## - ADDED ENTRY ELEMENTS (KOHA) |
| Koha item type |
សៀវភៅភាសាអង់គ្លេស |
| 952 ## - LOCATION AND ITEM INFORMATION (KOHA) |
| Withdrawn status [LOCAL, KOHA] |
0 |